|
|
|
|
| LEADER |
00000nam0a2200000 4500 |
| 001 |
67534 |
| 005 |
20231031073622.0 |
| 010 |
|
|
|a 5950200330
|
| 035 |
|
|
|a (RuTPU)RU\TPU\book\71902
|
| 090 |
|
|
|a 67534
|
| 100 |
|
|
|a 20040916d2004 m y0rusy50 ca
|
| 101 |
0 |
|
|a rus
|
| 102 |
|
|
|a RU
|
| 105 |
|
|
|a a z 001zy
|
| 200 |
1 |
|
|a О ракетах, космических кораблях и космических аппаратах
|e для любознательных читателей
|f И. А. Липкин
|
| 210 |
|
|
|a Москва
|c Вузовская книга
|d 2004
|
| 215 |
|
|
|a 101 с.
|c ил.
|
| 320 |
|
|
|a Список литературы: с. 100
|
| 610 |
1 |
|
|a космонавтика
|
| 610 |
1 |
|
|a космические аппараты
|
| 610 |
1 |
|
|a космические корабли
|
| 610 |
1 |
|
|a ракеты
|
| 610 |
1 |
|
|a полеты
|
| 610 |
1 |
|
|a исследования
|
| 610 |
1 |
|
|a успехи
|
| 610 |
1 |
|
|a неудачи
|
| 610 |
1 |
|
|a Луна
|
| 610 |
1 |
|
|a Венера
|
| 610 |
1 |
|
|a Марс
|
| 675 |
|
|
|a 629.78
|v 3
|
| 675 |
|
|
|a 629.76
|v 3
|
| 700 |
|
1 |
|a Липкин
|b И. А.
|g Исаак Аронович
|
| 801 |
|
1 |
|a RU
|b 63413507
|c 20040916
|g PSBO
|
| 801 |
|
2 |
|a RU
|b 63413507
|c 20050413
|g PSBO
|
| 942 |
|
|
|c BK
|
| 959 |
|
|
|a 118/20040908
|d 1
|e 87,78
|f НФ:1
|